000 00310nam a2200121Ia 4500
008 240624s9999 xx 000 0 und d
041 _aeng
082 _a658.4092 CAM
100 _aCAMERON KIM
245 _aPOSITIVE LEADERSHIP
260 _c2012
_aSan Francisco
_bBerrett Koehler
300 _a159 : p. : cm. ; 20
999 _c23933
_d23933